| 000 | 00894nam a22001817a 4500 | ||
|---|---|---|---|
| 005 | 20240402111949.0 | ||
| 008 | 240329b |||||||| |||| 00| 0 eng d | ||
| 020 | _a | ||
| 082 |
_a297.09 _bKHA-M |
||
| 100 | _aAllama Abdul-Rehman Ibn Khaldun | ||
| 245 |
_aTarikh Ibn-i-Khaldun : _bMuqadma Ibn-i-Khaldun / _cAllama Abdul-Rehman Ibn Khaldun. |
||
| 260 |
_aPakistan : _bNafees Academy , _c2001 . |
||
| 300 |
_abook/1- (428 p.), book/2- (415 p.), book/3- ( 808 p.), book/4- (651 p.), book/5- (920 p.), book/6- (624 p.), book/7- (324 p.), book/8- (456 p.), book/9- (640 p.) : _c24.5 cm. |
||
| 500 | _a1-Set of 9 books with 12 volumes. 2-book/1- (428 p.), book/2- (415 p.), book/3- ( 808 p.), book/4- (651 p.), book/5- (920 p.), book/6- (624 p.), book/7- (324 p.), book/8- (456 p.), book/9- (640 p.) : 3-c 2001. | ||
| 650 | _aLiterature / Islamic | ||
| 700 | _aHistory of Islam | ||
| 999 |
_c35506 _d35506 |
||